000 00982nam a2200289 a 4500
008
020 _a185383582X
049 _aMAIN
090 _aGA260
100 1 _aHammond, Allen L.
245 1 0 _aWhich world? :
_bscenarios for the 21st century : global destinies, regional choices /
_cAllen Hammond.
246 1 0 _aWhich world? :
_bglobal destinies, regional choices : scenarios for the 21st century
260 _aLondon :
_bEarthscan,
_c1998.
300 _axiv, 306 p. :
_bill., maps ;
_c24 cm.
504 _aIncludes bibliographical references and index.
650 0 _aTwenty-first century
_vForecasts.
650 0 _aSocial prediction.
650 0 _aEconomic forecasting.
650 0 _aSocial prediction.
650 0 _aEconomic forecasting.
650 0 _aTwenty-first century
_xForecasts.
907 _a.b10030451
_b19-06-03
_c17-04-03
003
005 20230123133149.0
040 _cNUST
942 _cBOOKS
_kGA260
999 _c143828
_d143828